World encyclopedia of peace /

Guardat en:
Dades bibliogràfiques
Autor principal: Pauling, Linus
Altres autors: Laszlo, Ervi Youl Yoo, Jong
Format: Text
Publicat: New York: Pergamon Press
Etiquetes: Afegir etiqueta
Sense etiquetes, Sigues el primer a etiquetar aquest registre!

MARC

LEADER 00000 a a2200000 04500
001 22630
003
040
090 |a 155000  
100 |a Pauling, Linus  
245 |a World encyclopedia of peace /  |c Linus Pauling 
260 |a New York:   |b Pergamon Press  
300 |a pp. 487-533; vol. 2  
700 |a Laszlo, Ervi   |a Youl Yoo, Jong  
999 |c 11261  |d 11261